Tous les Singles de Diamant de Ninho - Statistiques

Statistiques générales
  • Ce quiz a été pris 167 fois
    23 depuis la dernière actualisation
  • Le résultat moyen est 56 sur 75
Statistiques - réponses
Titres Détails Date % Correct
Jefe Jefe 03/12/2021
100%
3 singes ft. Werenoi 10/02/2023
94%
Collabo GOAT 25/10/2024
94%
N.I ft. Niska 03/11/2021
94%
Air Max ft. Rim'k 25/07/2018
88%
C'est carré le S ft. Naps, Gazo 28/04/2023
88%
Elle est bonne sa mère ft. Vegedream 31/05/2019
88%
Gasolina ft. Hornet La Frappe 27/08/2021
88%
Goutte d'eau Destin 22/03/2019
88%
Jolie ft. Gaulois 13/01/2023
88%
La vie qu'on mène Destin 22/03/2019
88%
Lettre à une femme M.I.L.S 3.0 07/03/2020
88%
Longue vie ft. Fianso, Hornet La Frappe 09/01/2018
88%
Macaroni ft. Leto 28/08/2020
88%
Mauvais 2X ft. Gazo 19/11/2021
88%
Millions ft. Orelsan 18/06/2021
88%
Papers ft. Zola 05/04/2019
88%
Tout en Gucci M.I.L.S 3.0 30/10/2020
88%
Tout va bien ft. Alonzo, Naps 20/05/2022
88%
6.3 ft. Naps 20/02/2020
81%
Coco GOAT 12/07/2024
81%
Distant ft. Maes 19/12/2019
81%
Eurostar NI 30/06/2023
81%
Grand bain ft. Dadju 20/12/2019
81%
Madre Mia ft. Sadek 15/09/2017
81%
Maman ne le sait pas Destin 22/03/2019
81%
Méchant ft. Niska 05/09/2019
81%
M.I.L.S 2.0 M.I.L.S 2.0 30/03/2018
81%
Mon poto ft. Kore 12/03/2021
81%
Moto ft. Mac Tyer 16/07/2020
81%
Prêt à partir ft. SCH 19/10/2018
81%
Putana Destin 22/03/2019
81%
Sky Priority Jefe 03/12/2021
81%
Tes parents ft. Leto 28/06/2019
81%
Vérité Jefe 03/12/2021
81%
VVS Jefe 03/12/2021
81%
Arme de poing Jefe 03/12/2021
75%
Ciao ft. Werenoi 10/03/2023
75%
Elle m'a eu Comme prévu 08/09/2017
75%
Fendi M.I.L.S 2.0 30/03/2018
75%
Filon M.I.L.S 3.0 07/03/2020
75%
Jusqu'à minuit Destin 22/03/2019
75%
Ma 6t a craqué ft. Kpoint 30/07/2018
75%
Mamacita Comme prévu 06/07/2017
75%
Mayday ft. SCH 29/11/2019
75%
Musica ft. Soprano 08/11/2019
75%
Sheitana ft. Hornet La Frappe 21/09/2018
75%
Tel me ft. Jul 04/10/2019
75%
Vrais M.I.L.S 2.0 30/03/2018
75%
Zipette M.I.L.S 3.0 07/03/2020
75%
Crois moi ft. Da Uzi 06/03/2020
69%
Elle a mal M.I.L.S 21/10/2016
69%
Encore ft. Koba LaD 22/10/2020
69%
Jeune Lossa Destin 22/03/2019
69%
Malcolm M.I.L.S 21/10/2016
69%
No Love NI 30/06/2023
69%
Sans peine Destin 22/03/2019
69%
Un Poco M.I.L.S 2.0 30/03/2018
69%
Aïcha Jefe 03/12/2021
63%
À Kinshasa Destin 22/03/2019
63%
De l'autre côté Comme prévu 08/09/2017
63%
Dis-moi que tu m'aimes M.I.L.S 21/10/2016
63%
Money Destin 22/03/2019
63%
À découvert ft. Hiro 19/04/2019
56%
Champion ft. Serge Ibaka 26/02/2021
56%
Enfants terribles ft. Landy 18/12/2020
56%
Jamais Destin 22/03/2019
56%
Paris c'est magique Destin 22/03/2019
56%
Promo M.I.L.S 3.0 07/03/2020
56%
Comme prévu Comme prévu 08/09/2017
50%
Every Day M.I.L.S 3.0 07/03/2020
50%
Pirate ft. Hös Copperfield 19/03/2020
50%
Sur Paname Art de rue 30/10/2020
50%
Dita Comme prévu 08/09/2017
44%
La puerta M.I.L.S 3.0 07/03/2020
44%
Aucun quiz correspondant
Distribution des résultats
% des personnes avec chaque résultat
Percentile par nombre de réponses
Votre historique - résultats
Vous n’avez pas pris ce quiz depuis la dernière actualisation